00536nam a2200157 a 450000500170000000800410001705000270005810000270008524500430011226000410015530000090019644000250020565000120023099900190024295201170026120140412111328.0101230s19uu xx 00 eng d aTR(GS 428.4bC793 2000 aTrent, Jennifer Cooper aMy Baby bird /cJennifer Cooper Trent. aPhils :bMomentum multimedia,c2000. aunp. aFan- tas-tic Phonics aPhonics c104767d104767 001040aELbELcTRd2010-12-30eLib. Fundl0oTR(GS 428.4 C793 2000pE8618r2014-04-12 00:00:00w2014-04-12yBK